000 00704nam a22002297a 4500
003 OSt
005 20251217015038.0
008 251217b |||||||| |||| 00| 0 eng d
020 _a 971-511-891-7
040 _aDWC-Main lib
_cOC
082 _2Revised & Updated
_aCirc. 658.409 Z64t 2003
100 _aZiglar, Zig
245 _a Top performance/
_cZig Ziglar
250 _a Revised & Updated
260 _a Manila :
_bOMF Literature Inc.,
_cc2003.
300 _a 230 pages :
_b illustrations ;
_c23cm.
504 _aIncludes notes.
650 _a1. Business communication.
650 _a2. Executive ability.
650 _a3. Performance
942 _2ddc
_cBK-CIRC
_e Revised & Updated
_kCirc.
_n0
999 _c7152
_d7152